| 000 | 01195nam a22002777a 4500 | ||
|---|---|---|---|
| 005 | 20121120113245.0 | ||
| 008 | 090408t xxu||||| |||| 00| 0 hin d | ||
| 010 | _aHIN-97418 | ||
| 020 |
_c300.00 _a8188167428 |
||
| 035 | _aHN-69764 | ||
| 037 | _bDBAD / PUB | ||
| 040 |
_aDPL _bHN |
||
| 082 | _aक | ||
| 100 |
_927482 _aसुखवर्ष कँवर 'तन्हा' |
||
| 245 |
_aवापिसी व अन्य कहानियाँ: _cसुखवर्ष कँवर 'तन्हा' _bकहानी-संग्रह / |
||
| 260 |
_bकलावती प्रकाशन _c2010 _aनई दिल्ली |
||
| 270 |
_aपी-4, पिलंजी सरोजिनी नगर _bनई दिल्ली _e110023 _k011- 26114151 _mKalawati_prakashan@rediffmail.com |
||
| 300 | 1 |
_a148पृ. _c22सेमी (सजिल्द) |
|
| 650 |
_91169 _aShort Stories |
||
| 700 | _927483 | ||
| 700 | _953630 | ||
| 710 | _952094 | ||
| 711 | _952444 | ||
| 942 |
_adpl _cHN _2ddc _mसुखव _hक |
||
| 999 |
_c71482 _d71482 |
||